000 00412nam a2200145Ia 4500
008 220217s9999||||xx |||||||||||||| ||und||
020 _a978-0-07-062003-2
082 _a658.403 8 OBR
100 _aO' Brien, James, A
245 0 _aManagement information systems
250 _a7th
260 _aTata mcgraw hill company Ltd
_bNew Delhi
_c2008
300 _b425
650 _aMANAGEMENT INFORMATION SYSTEM
999 _c177924
_d177924